Dates historiques - partie 1 - Statistiques

Statistiques générales
  • Ce quiz a été pris 646 fois
  • Le résultat moyen est 7 sur 21
Statistiques - réponses
Questions Réponses % Correct
Chute de l'URSS 1991
88%
Découverte de l'Amérique par Christophe Colomb 1492
83%
Proclamation de la Vème République Française 1958
69%
Marignan 1515
47%
Siège d'Alesia (avant J-C) 52
45%
Indépendance des USA 1776
43%
Début du Moyen âge 476
37%
Les trois glorieuses 1830
32%
Prise de Constantinople par l'empire Ottoman 1453
26%
Libération de Nelson Mendela 1990
26%
Début du règne de Louis XIV 1643
21%
Traité de Westphalie 1648
20%
Fondation de la ville de Rome (avant J-C) 753
20%
Assassinat d'Henri IV 1610
19%
L'an I de l'Islam 622
17%
Clovis Roi des Francs 481
15%
La peste noire 1347
14%
Naissance de l'empire Romain (avant J-C) 27
10%
Première croisade par Urbain II 1095
9%
Invention de l'écriture (avant J-C) 3300
9%
Mort d'Alexandre le Grand (avant J-C) 323
6%
Aucun quiz correspondant
Distribution des résultats
% des personnes avec chaque résultat
Percentile par nombre de réponses
Votre historique - résultats
Vous n’avez pas pris ce quiz